| 000 | 01392nam a22003137a 4500 | ||
|---|---|---|---|
| 003 | OSt | ||
| 005 | 20170518102911.0 | ||
| 008 | 170223b xxu||||| |||| 00| 0 eng d | ||
| 010 | _a 2007029983 | ||
| 020 | _a9780470170779 (pbk.) | ||
| 020 | _a0470170778 (pbk.) | ||
| 040 |
_aMMU _cMMU _dMMU _beng. |
||
| 050 | 0 | 0 |
_aTK5105.875.I57 _bS85 2008 |
| 082 | 0 | 0 |
_a005.8 _222 |
| 100 | 1 |
_aStuttard, Dafydd, _d1972- |
|
| 245 | 1 | 4 |
_aThe web application hacker's handbook : _bdiscovering and exploiting security flaws / _cDafydd Stuttard, Marcus Pinto. |
| 260 |
_aIndianapolis, IN : _bWiley Pub., _cc2008. |
||
| 300 |
_axxxii, 736 p. : _bill. ; _c24 cm. |
||
| 500 | _aIncludes index. | ||
| 650 | 0 |
_aInternet _xSecurity measures. |
|
| 650 | 0 | _aComputer security. | |
| 700 | 1 |
_aPinto, Marcus, _d1978- |
|
| 856 | 4 | 2 |
_3Publisher description _uhttp://www.loc.gov/catdir/enhancements/fy0739/2007029983-d.html |
| 856 | 4 | 1 |
_3Table of contents only _uhttp://www.loc.gov/catdir/enhancements/fy0739/2007029983-t.html |
| 856 | 4 | 2 |
_3Contributor biographical information _uhttp://www.loc.gov/catdir/enhancements/fy0743/2007029983-b.html |
| 906 |
_a7 _bcbc _corignew _d1 _eecip _f20 _gy-gencatlg |
||
| 942 |
_2lcc _cLOAN LOAN |
||
| 999 |
_c23465 _d23465 |
||